| 000 | 00561nam a2200193 a 4500 | ||
|---|---|---|---|
| 005 | 20220901063817.0 | ||
| 008 | 080414s2003 mx r 000 0 spa d | ||
| 020 | _a9583012440 | ||
| 035 | _aUPN01000155438 | ||
| 049 | _aCG | ||
| 050 | 4 |
_aPZ73 _bB4.7 |
|
| 100 | 1 | _aBernal Pinilla, Luis Darío | |
| 245 | 1 | 0 |
_aMi toletero mayor : _bcon las bases llenas / _cLuis Darío Bernal Pinilla. |
| 260 |
_aBogotá : _bPanamericana, _c2003. |
||
| 300 |
_a155 p. : _bil. col. |
||
| 440 | 0 | _aLiteratura juvenil | |
| 650 | 7 |
_aAmistad entre niños _2 _94319 |
|
| 905 | _aLibro | ||
| 999 |
_c127553 _d127553 |
||